Faculty of Law Library — Cairo University

Official Online Catalog

Précis De Médecine Légale / (Record no. 74598)

MARC details
000 -LEADER
fixed length control field 01123nam a2200325 i 4500
003 - CONTROL NUMBER IDENTIFIER
control field EG-GICUC
005 - DATE AND TIME OF LATEST TRANSACTION
control field 20260430211958.0
008 - FIXED-LENGTH DATA ELEMENTS--GENERAL INFORMATION
fixed length control field 260430s1911 fr a|||f |||| 000 0 fre d
040 ## - CATALOGING SOURCE
Original cataloging agency EG-GiCUC
Language of cataloging fre
Transcribing agency EG-GiCUC
Modifying agency EG-GiCUC
Description conventions Rda
041 0# - LANGUAGE CODE
Language code of text/sound track or separate title fre
082 04 - DEWEY DECIMAL CLASSIFICATION NUMBER
Edition number 21
Classification number 343.83
Item number BA . P
092 04 - LOCALLY ASSIGNED DEWEY CALL NUMBER (OCLC)
Edition number 21
099 ## - LOCAL FREE-TEXT CALL NUMBER (OCLC)
Classification number Law1 10 343.83 BA . P 1911
100 1# - MAIN ENTRY--PERSONAL NAME
Personal name Balthazard, V.
Relator term Auteur
245 10 - TITLE STATEMENT
Title Précis De Médecine Légale /
Statement of responsibility, etc. Par V. Balthazard.
250 ## - EDITION STATEMENT
Edition statement Deuxième Édition
Remainder of edition statement Cntièrement Revisée Et Très Augmentée
264 #1 - PRODUCTION, PUBLICATION, DISTRIBUTION, MANUFACTURE, AND COPYRIGHT NOTICE
Place of production, publication, distribution, manufacture paris :
Name of producer, publisher, distributor, manufacturer Librairie J.-b. Bailliere Et Fils,
Date of production, publication, distribution, manufacture, or copyright notice 1911.
300 ## - PHYSICAL DESCRIPTION
Extent X - Xi, 612 page :
Other physical details illustration ;
Dimensions 24 cm.
336 ## - CONTENT TYPE
Source rda contenu
Content type term texte
337 ## - MEDIA TYPE
Source rda medias
Media type term Ordinateur
338 ## - CARRIER TYPE
Source transporteur rda
Carrier type term Ressource en ligne
505 ## - FORMATTED CONTENTS NOTE
Formatted contents note Avec 136 Figures Noires Et Coloriées Dans Le Texte De Et 2 Planches Coloriées
546 ## - LANGUAGE NOTE
Language note Texte en français
650 14 - SUBJECT ADDED ENTRY--TOPICAL TERM
Topical term or geographic name entry element Droit pénal
Source of heading or term qrmak
650 14 - SUBJECT ADDED ENTRY--TOPICAL TERM
Topical term or geographic name entry element Médecine Légale
Source of heading or term qrmak
651 1# - SUBJECT ADDED ENTRY--GEOGRAPHIC NAME
Source of heading or term qrmak
856 40 - ELECTRONIC LOCATION AND ACCESS
Uniform Resource Identifier <a href="https://fll.law.cu.edu.eg/fulltext/bks/B10-11134.pdf">https://fll.law.cu.edu.eg/fulltext/bks/B10-11134.pdf</a>
905 ## - Cataloger and Reviser Names
Cataloger Name: Yasmin Sayed
942 ## - ADDED ENTRY ELEMENTS (KOHA)
Source of classification or shelving scheme Dewey Decimal Classification
Suppress in OPAC No
Koha item type Books
Edition 21
Holdings
Withdrawn status Lost status Source of classification or shelving scheme Damaged status Not for loan Collection Home library Current library Date acquired Total checkouts Full call number Barcode Date last seen Copy number Price effective from Koha item type
    Dewey Decimal Classification   Not for loan القانون الجنائي جــــامعة القــاهرة مكتبة كلية الحقوق - المبنى الرئيسي 30.04.2026   Law1 10 343.83 BA . P 2 ed - 1911 1011134 C1 B10-11134 30.04.2026 1 30.04.2026 Books

© All rights reserved — Faculty of Law, Cairo University